00573nam a2200169 a 450000100100000000500170001000800410002704000250006808200210009310000260011424500910014025000110023126000300024230000200027250400730029270000380036500004279220201002040412.0140210s1969 sp 000 0 spa d aDO-SdBNPbspacBNPHU axxxxxxxbxxxxxxx1 aSalustio Crispo, Cayo10aConjuración de Catilina /cCayo Salustio Crispo; revisada Manuel C. Díaz y Díaz. a4a ed. aMadrid, :bGredos,c1969. a87 p. ;c18 cm. aIncluye referencias bibliográficas y notas al pie de las páginas1 aDíaz y Díaz, Manuel C.,erev.